[Event "Junior Online 4NCL Division 5"]
[Site "online"]
[Date "2021.01.21"]
[Round "1.17"]
[White "Jain, Aarnav"]
[Black "Broachi, Zain"]
[Result "1/2-1/2"]
[WhiteElo "1250"]
[BlackElo "894"]
[PlyCount "27"]
[EventDate "2021.01.21"]
[WhiteTeam "Chess Challengers F"]
[BlackTeam "JHJ Shark Tank 8"]

1. e4 e5 2. Nf3 Nf6 3. Nc3 Nc6 4. Bc4 Nxe4 5. Nxe4 d5 6. Bd3 dxe4 7. Bxe4 Nd4
8. Nxd4 exd4 9. d3 Bd6 10. O-O O-O 11. h3 Qe7 12. Qe2 Qe5 13. g3 Bxh3 14. Re1
1/2-1/2

[Event "Junior Online 4NCL Division 5"]
[Site "online"]
[Date "2021.01.21"]
[Round "1.18"]
[White "Singh-Raj, Aryan"]
[Black "Botnari, Diana"]
[Result "0-1"]
[WhiteElo "858"]
[BlackElo "1174"]
[PlyCount "48"]
[EventDate "2021.01.21"]
[WhiteTeam "JHJ Shark Tank 8"]
[BlackTeam "Chess Challengers F"]

1. e4 e5 2. Nf3 Nc6 3. Nc3 Nf6 4. Bc4 Bc5 5. d3 d6 6. h3 Be6 7. O-O Bxc4 8.
dxc4 O-O 9. Be3 Bxe3 10. fxe3 a6 11. Nd5 Nxd5 12. cxd5 Ne7 13. Ng5 Nxd5 14.
exd5 Qxg5 15. e4 Qe3+ 16. Rf2 Qxe4 17. Kh2 Qh4 18. g3 Qe4 19. Re2 Qg6 20. Re4
Qxe4 21. Qf1 Qxc2+ 22. Kg1 Qxb2 23. Rb1 Qd4+ 24. Kh2 Qxd5 0-1

[Event "Junior Online 4NCL Division 5"]
[Site "online"]
[Date "2021.01.21"]
[Round "1.19"]
[White "Han, Qixiang"]
[Black "Papneja, Vedant"]
[Result "1-0"]
[WhiteElo "1023"]
[BlackElo "1410"]
[PlyCount "54"]
[EventDate "2021.01.21"]
[WhiteTeam "JHJ Shark Tank 8"]
[BlackTeam "Chess Challengers F"]

1. e4 d5 2. exd5 Qxd5 3. Nc3 Qa5 4. Nf3 Nf6 5. d3 c6 6. Bd2 Qc7 7. d4 Bg4 8. h3
Bxf3 9. Qxf3 e6 10. Bd3 Bd6 11. Bg5 Nbd7 12. O-O Bh2+ 13. Kh1 Bd6 14. Rae1
O-O-O 15. Ne4 Be7 16. Bxf6 Nxf6 17. Nxf6 Bxf6 18. c3 Qb6 19. b4 Qc7 20. a4 Qd6
21. Bc2 Qd5 22. Be4 Qc5 23. dxc5 Rd7 24. b5 cxb5 25. axb5 b6 26. cxb6 axb6 27.
Ra1 Kd8 1-0

[Event "Junior Online 4NCL Division 5"]
[Site "online"]
[Date "2021.01.21"]
[Round "1.20"]
[White "Mukherjee, Abhijay"]
[Black "Pipalia, Ayush"]
[Result "1/2-1/2"]
[WhiteElo "1401"]
[BlackElo "1022"]
[PlyCount "153"]
[EventDate "2021.01.21"]
[WhiteTeam "Chess Challengers F"]
[BlackTeam "JHJ Shark Tank 8"]

1. d4 d5 2. Nf3 Bf5 3. Bg5 h6 4. Bh4 Nf6 5. Bg3 Nc6 6. e3 Ne4 7. Bh4 Nf6 8. g3
e6 9. Bg2 Be7 10. c3 Bh7 11. O-O O-O 12. Nbd2 Rb8 13. Re1 g5 14. Nxg5 hxg5 15.
Bxg5 Bg6 16. Bh6 Re8 17. Bg5 Kg7 18. e4 dxe4 19. Nxe4 Nxe4 20. Bxe4 Bxe4 21.
Rxe4 Qd5 22. f3 Bxg5 23. h4 Be7 24. Qc1 Kf8 25. Qh6+ Kg8 26. Rg4+ Qg5 27. Rxg5+
Bxg5 28. Qxg5+ Kf8 29. h5 Rec8 30. h6 Ke8 31. Qg7 Kd7 32. Kf2 Rh8 33. Rh1 Rhg8
34. Qf6 Rbf8 35. h7 Rh8 36. Rh6 Nd8 37. g4 c6 38. g5 a6 39. g6 fxg6 40. Qxf8
Rxf8 41. h8=Q Rxh8 42. Rxh8 Nf7 43. Rh7 Ke7 44. f4 Kf6 45. Kg3 Nd6 46. Kg4 Ne4
47. Rxb7 Nf2+ 48. Kf3 Nd1 49. b4 Nb2 50. Ra7 Nc4 51. Rxa6 Nd6 52. b5 Nxb5 53.
Rxc6 Na3 54. c4 Nc2 55. d5 Nd4+ 56. Ke4 Nxc6 57. dxc6 Ke7 58. c7 Kd7 59. a4
Kxc7 60. Kd4 Kd6 61. a5 Kc7 62. c5 Kc6 63. Kc4 e5 64. fxe5 g5 65. a6 Kc7 66. a7
Kb7 67. Kb5 Kxa7 68. c6 Kb8 69. e6 Kc8 70. e7 g4 71. e8=Q+ Kc7 72. Qg8 g3 73.
Qxg3+ Kd8 74. c7+ Kc8 75. Qd6 Kb7 76. c8=Q+ Ka7 77. Qcc6 1/2-1/2

[Event "Junior Online 4NCL Division 5"]
[Site "online"]
[Date "2021.01.21"]
[Round "1.21"]
[White "Broachi, Zain"]
[Black "Jain, Aarnav"]
[Result "0-1"]
[WhiteElo "894"]
[BlackElo "1250"]
[PlyCount "98"]
[EventDate "2021.01.21"]
[WhiteTeam "JHJ Shark Tank 8"]
[BlackTeam "Chess Challengers F"]

1. e4 e5 2. Nf3 Nc6 3. Bc4 Bc5 4. Nc3 Nf6 5. d3 h6 6. O-O d6 7. h3 O-O 8. Nd5
Nxd5 9. Bxd5 Nd4 10. Nxd4 Bxd4 11. c3 Bb6 12. Be3 c6 13. Bc4 d5 14. exd5 cxd5
15. Bb3 Be6 16. Bxb6 axb6 17. c4 d4 18. Re1 Qg5 19. g3 Bxh3 20. Qf3 Bg4 21. Qh1
Rab8 22. f4 exf4 23. gxf4 Qxf4 24. Qh2 Qg5 25. Qg2 Rfd8 26. Qe4 Bf3+ 27. Kf2
Bxe4 28. Rxe4 Rd6 29. Ba4 Rf6+ 30. Ke2 Qg2+ 31. Kd1 Rf1+ 32. Re1 Qf2 33. Rxf1
Qxf1+ 34. Kd2 Qxa1 35. b3 Qxa2+ 36. Kc1 Rd8 37. Kd1 Rd6 38. b4 Re6 39. Bc2 Rf6
40. c5 bxc5 41. bxc5 Rf1+ 42. Kd2 h5 43. c6 bxc6 44. Ke2 Qxc2+ 45. Kxf1 Qxd3+
46. Ke1 h4 47. Kf2 h3 48. Kg1 Qe2 49. Kh1 Qg2# 0-1

[Event "Junior Online 4NCL Division 5"]
[Site "online"]
[Date "2021.01.21"]
[Round "1.22"]
[White "Botnari, Diana"]
[Black "Singh-Raj, Aryan"]
[Result "0-1"]
[WhiteElo "1174"]
[BlackElo "858"]
[PlyCount "72"]
[EventDate "2021.01.21"]
[WhiteTeam "Chess Challengers F"]
[BlackTeam "JHJ Shark Tank 8"]

1. e4 e5 2. Nf3 Nc6 3. Nc3 Nf6 4. Bc4 Bc5 5. d3 d6 6. O-O Bg4 7. h3 Bxf3 8.
Qxf3 Nd4 9. Qd1 O-O 10. Na4 b6 11. Nxc5 bxc5 12. Ba6 Qd7 13. c3 Nc6 14. Bb5
Rab8 15. Bxc6 Qxc6 16. d4 exd4 17. cxd4 cxd4 18. Qxd4 Rbe8 19. Re1 Nxe4 20.
Rxe4 Rxe4 21. Qc3 Qxc3 22. bxc3 Re1+ 23. Kh2 Re2 24. Be3 f5 25. g4 f4 26. Bxa7
c5 27. Kg2 Ra8 28. Bb6 Ra6 29. Bd8 Raxa2 30. Rxa2 Rxa2 31. Kf3 d5 32. Kxf4
Rxf2+ 33. Ke5 Rd2 34. Kd6 d4 35. cxd4 Rxd4+ 36. Kxc5 Rxd8 0-1

[Event "Junior Online 4NCL Division 5"]
[Site "online"]
[Date "2021.01.21"]
[Round "1.25"]
[White "Srivastava, Aarav"]
[Black "Dalah, Jacob"]
[Result "1-0"]
[WhiteElo "900"]
[BlackElo "1038"]
[PlyCount "53"]
[EventDate "2021.01.21"]
[WhiteTeam "Lenzie Dementors"]
[BlackTeam "Edgware Gambits H"]

1. e4 e5 2. Bc4 Nf6 3. Nf3 Nxe4 4. Nxe5 d5 5. Qe2 dxc4 6. Qxe4 Qe7 7. Nc3 Bd7
8. O-O Bc6 9. Qf4 b5 10. b3 cxb3 11. axb3 Bb7 12. Bb2 h6 13. Rfe1 Kd8 14. Nxf7+
Kc8 15. Rxe7 Bxe7 16. Nxh8 Nd7 17. Nxb5 Kd8 18. Qxc7+ Ke8 19. Qxb7 Rd8 20. Re1
Rb8 21. Qe4 Kf8 22. Qxe7+ Kg8 23. Qxd7 Kxh8 24. Re8+ Rxe8 25. Qxe8+ Kh7 26. Qf7
a6 27. Qxg7# 1-0

[Event "Junior Online 4NCL Division 5"]
[Site "online"]
[Date "2021.01.21"]
[Round "1.26"]
[White "Bagchi, Aadi"]
[Black "Banerjee, Supratit"]
[Result "0-1"]
[WhiteElo "995"]
[BlackElo "623"]
[PlyCount "40"]
[EventDate "2021.01.21"]
[WhiteTeam "Edgware Gambits H"]
[BlackTeam "Lenzie Dementors"]

1. e4 e5 2. Nf3 Nc6 3. Bc4 Bc5 4. O-O h6 5. d3 Nf6 6. Nc3 d6 7. h3 O-O 8. Re1
Nd4 9. Nxd4 Bxd4 10. Nb5 Bc5 11. Nc3 a6 12. a4 c6 13. a5 Re8 14. Qd2 d5 15.
exd5 cxd5 16. Bb3 Bb4 17. Ra4 Bxa5 18. Ra1 d4 19. Qe2 dxc3 20. bxc3 Bxc3 0-1

[Event "Junior Online 4NCL Division 5"]
[Site "online"]
[Date "2021.01.21"]
[Round "1.27"]
[White "Mitraka, Chrysa"]
[Black "Illingworth-Law, Oscar"]
[Result "1-0"]
[WhiteElo "628"]
[BlackElo "969"]
[PlyCount "145"]
[EventDate "2021.01.21"]
[WhiteTeam "Lenzie Dementors"]
[BlackTeam "Edgware Gambits H"]

1. e4 e5 2. Nf3 Nc6 3. Nc3 Nf6 4. Bc4 Nxe4 5. Nxe4 d5 6. Bxd5 Qxd5 7. Nc3 Qd8
8. d3 Bc5 9. O-O O-O 10. Be3 Bxe3 11. fxe3 Bg4 12. e4 Nd4 13. Kh1 Nxf3 14. gxf3
Bh3 15. Rg1 f5 16. Qe1 f4 17. Qf2 Rf6 18. Qh4 Rh6 19. Qf2 Qf6 20. Nd5 Qd8 21.
Nc3 Qd7 22. Rg5 Rf8 23. Rag1 g6 24. Rxe5 Qd6 25. Rd5 Qb6 26. Qxb6 axb6 27. Nb5
c6 28. Re5 cxb5 29. Rxb5 Rf6 30. Rgg5 Rc6 31. c3 Rd6 32. d4 Kf7 33. Rge5 Rh5
34. Rxh5 gxh5 35. Rxh5 Bf1 36. Rxh7+ Kg8 37. Rxb7 Rg6 38. Rb8+ Kg7 39. e5 Bg2+
40. Kg1 Bh3+ 41. Kf2 Rg2+ 42. Ke1 Rg1+ 43. Kd2 Rh1 44. Rxb6 Rxh2+ 45. Kd3 Bf5+
46. Kc4 Rd2 47. a4 Bd3+ 48. Kc5 Kf7 49. e6+ Ke7 50. a5 Bf5 51. a6 Rd1 52. a7
Ra1 53. Rb7+ Kd8 54. Rb8+ Kc7 55. a8=Q Rxa8 56. Rxa8 Bxe6 57. Ra6 Kd7 58. Rxe6
Kxe6 59. b4 Kd7 60. b5 Kc8 61. b6 Kb8 62. d5 Kc8 63. d6 Kd7 64. b7 Ke6 65. b8=Q
Kd7 66. Qc7+ Ke6 67. d7 Kf5 68. d8=Q Ke6 69. Kb4 Kf5 70. Qc5+ Ke6 71. Qdd6+ Kf7
72. Qcc7+ Ke8 73. Qdd8# 1-0

[Event "Junior Online 4NCL Division 5"]
[Site "online"]
[Date "2021.01.21"]
[Round "1.28"]
[White "Patel, Kamran"]
[Black "Shankar, Yashwardhan"]
[Result "1-0"]
[WhiteElo "952"]
[BlackElo "654"]
[PlyCount "113"]
[EventDate "2021.01.21"]
[WhiteTeam "Edgware Gambits H"]
[BlackTeam "Lenzie Dementors"]

1. d4 d5 2. Nf3 Nf6 3. Bf4 Bf5 4. e3 Nc6 5. Be2 g6 6. Nbd2 Bg7 7. O-O O-O 8. h3
Nb4 9. Bd3 Nxd3 10. cxd3 Bxd3 11. Re1 e6 12. Qb3 Ba6 13. Ne5 Ne4 14. Nxe4 dxe4
15. Rec1 Bxe5 16. Bxe5 Rc8 17. Rc3 f6 18. Bh2 Qe8 19. Bxc7 Rf7 20. Ba5 Rxc3 21.
Bxc3 Re7 22. Qb4 Rc7 23. Bd2 Rc4 24. Qa5 Ra4 25. Qc3 Bc4 26. b3 Bxb3 27. axb3
Rxa1+ 28. Qxa1 Qa8 29. Qa2 b6 30. b4 Qd5 31. Qxa7 Qc6 32. Qb8+ Kg7 33. Qa7+ Kf8
34. Qxh7 g5 35. Qg6 Qe8 36. Qxf6+ Qf7 37. Qxf7+ Kxf7 38. g3 Kg6 39. b5 Kf7 40.
h4 gxh4 41. gxh4 Kg6 42. Kg2 Kh5 43. Kh3 Kh6 44. Kg3 Kh5 45. Bb4 Kh6 46. Kg4
Kh7 47. h5 Kh6 48. Be7 Kh7 49. Kg5 Kh8 50. Bd8 Kh7 51. Bxb6 Kh8 52. Kg6 Kg8 53.
h6 Kh8 54. Bd8 Kg8 55. Be7 Kh8 56. h7 e5 57. Bf6# 1-0

[Event "Junior Online 4NCL Division 5"]
[Site "online"]
[Date "2021.01.21"]
[Round "1.29"]
[White "Dalah, Jacob"]
[Black "Srivastava, Aarav"]
[Result "1/2-1/2"]
[WhiteElo "1038"]
[BlackElo "900"]
[PlyCount "108"]
[EventDate "2021.01.21"]
[WhiteTeam "Edgware Gambits H"]
[BlackTeam "Lenzie Dementors"]

1. e4 c5 2. Nc3 Nc6 3. f4 d6 4. Bb5 Qb6 5. d3 Bd7 6. Be3 e6 7. Nf3 d5 8. exd5
exd5 9. Bxc6 Bxc6 10. d4 Qxb2 11. Ne2 Ba4 12. dxc5 Nf6 13. Ned4 Bxc5 14. O-O
O-O 15. Rb1 Qxa2 16. Rxb7 Rfe8 17. Bf2 Bxd4 18. Nxd4 Qc4 19. Qb1 Ne4 20. Rb4
Qa6 21. Qa1 Nc3 22. Qxc3 Rac8 23. Qa1 Rc4 24. Rxc4 Qxc4 25. Re1 Re4 26. Rxe4
dxe4 27. Qb2 h5 28. Qb8+ Kh7 29. Qxa7 Qa2 30. h3 Qb1+ 31. Kh2 Bxc2 32. Nxc2
Qxc2 33. Qe3 f5 34. Bh4 Qc6 35. Qa7 Qd6 36. Bg3 Qe6 37. Qe3 Qf6 38. Kg1 Qa1+
39. Qe1 Qd4+ 40. Qf2 e3 41. Qe2 Qd2 42. Kf1 Qc1+ 43. Qe1 Qc4+ 44. Qe2 Qc1+ 45.
Be1 Qc5 46. Qxh5+ Kg8 47. g4 Qc4+ 48. Kg1 Qe2 49. Bg3 Qf3 50. Be1 e2 51. Qe8+
Kh7 52. Qh5+ Kg8 53. Qe8+ Kh7 54. Qh5+ Kg8 1/2-1/2

[Event "Junior Online 4NCL Division 5"]
[Site "online"]
[Date "2021.01.21"]
[Round "1.30"]
[White "Banerjee, Supratit"]
[Black "Bagchi, Aadi"]
[Result "1-0"]
[WhiteElo "623"]
[BlackElo "995"]
[PlyCount "69"]
[EventDate "2021.01.21"]
[WhiteTeam "Lenzie Dementors"]
[BlackTeam "Edgware Gambits H"]

1. Nf3 d5 2. e3 Nf6 3. h3 Nc6 4. d4 Bd7 5. Bd2 e6 6. a3 Bd6 7. Nc3 O-O 8. Bd3
Re8 9. O-O e5 10. dxe5 Nxe5 11. Nxe5 Bxe5 12. Rb1 h6 13. e4 dxe4 14. Nxe4 Nxe4
15. Bxe4 Bh2+ 16. Kxh2 Rxe4 17. Be3 Re8 18. Kg1 Qe7 19. Re1 Qf6 20. c3 Rad8 21.
Bd4 Qc6 22. Rxe8+ Rxe8 23. Qh5 Be6 24. Qh4 b6 25. Qg3 f6 26. Re1 Bc8 27. Rxe8+
Qxe8 28. Bxf6 Qf7 29. Bd4 Bb7 30. b4 a5 31. bxa5 bxa5 32. a4 g6 33. h4 h5 34.
Qe5 Bd5 35. Qh8# 1-0

[Event "Junior Online 4NCL Division 5"]
[Site "online"]
[Date "2021.01.21"]
[Round "1.31"]
[White "Illingworth-Law, Oscar"]
[Black "Mitraka, Chrysa"]
[Result "0-1"]
[WhiteElo "969"]
[BlackElo "628"]
[PlyCount "68"]
[EventDate "2021.01.21"]
[WhiteTeam "Edgware Gambits H"]
[BlackTeam "Lenzie Dementors"]

1. e4 e5 2. Nf3 Nc6 3. d4 Nxd4 4. Nxd4 exd4 5. Qxd4 Nf6 6. e5 Ng8 7. Bc4 b6 8.
Qd5 Qe7 9. Bg5 f6 10. O-O fxg5 11. Re1 c6 12. Qf3 b5 13. Bb3 Bb7 14. Qh5+ g6
15. Qf3 d5 16. e6 Bg7 17. Nc3 Nf6 18. Re5 O-O 19. Rae1 Nd7 20. Qxf8+ Rxf8 21.
exd7 Bxe5 22. d8=Q Rxd8 23. f4 Bd4+ 24. Kf1 Qf6 25. Ne2 gxf4 26. Nxd4 Qxd4 27.
c3 Qd3+ 28. Kf2 Rf8 29. Re7 Bc8 30. h4 Bg4 31. h5 Qg3+ 32. Kg1 f3 33. Kh1 fxg2+
34. Kg1 Rf1# 0-1

[Event "Junior Online 4NCL Division 5"]
[Site "online"]
[Date "2021.01.21"]
[Round "1.32"]
[White "Shankar, Yashwardhan"]
[Black "Patel, Kamran"]
[Result "1-0"]
[WhiteElo "654"]
[BlackElo "952"]
[PlyCount "55"]
[EventDate "2021.01.21"]
[WhiteTeam "Lenzie Dementors"]
[BlackTeam "Edgware Gambits H"]

1. e4 e5 2. Nf3 Nc6 3. Bc4 Be7 4. O-O Nf6 5. Ng5 O-O 6. Nxf7 Rxf7 7. Bxf7+ Kxf7
8. Nc3 Kg8 9. d3 d6 10. Bg5 Bg4 11. f3 Be6 12. Bxf6 Bxf6 13. f4 Qc8 14. fxe5
dxe5 15. Qf3 Nd4 16. Qg3 Nxc2 17. Rac1 Nd4 18. Rxf6 Bg4 19. Rf2 Qe6 20. h3 Bh5
21. Rcf1 Qe7 22. Nd5 Ne2+ 23. Rxe2 Bxe2 24. Nxe7+ Kh8 25. Rf2 Bh5 26. Qxe5 Re8
27. Qxh5 Rxe7 28. Rf8# 1-0

[Event "Junior Online 4NCL Division 5"]
[Site "online"]
[Date "2021.02.04"]
[Round "2.11"]
[White "Srinivasan, Raghav"]
[Black "Kumar, Soham"]
[Result "0-1"]
[WhiteElo "1545"]
[BlackElo "1811"]
[PlyCount "132"]
[EventDate "2021.02.04"]
[WhiteTeam "Chess Challengers B"]
[BlackTeam "Berkshire Bishops"]

1. e4 c5 2. Nf3 d6 3. d4 cxd4 4. Nxd4 Nf6 5. Nc3 a6 6. Nf3 e6 7. e5 Ng4 8. exd6
Bxd6 9. h3 Nf6 10. Bg5 Be7 11. Qxd8+ Bxd8 12. Bxf6 Bxf6 13. O-O-O O-O 14. g4
Nc6 15. h4 b5 16. g5 Be7 17. h5 Bb7 18. Ne1 Bxg5+ 19. Kb1 Rad8 20. Rxd8 Rxd8
21. Be2 Nd4 22. Rg1 Nxe2 23. Rxg5 Nxc3+ 24. bxc3 Rd1+ 25. Kb2 Rxe1 26. h6 g6
27. Rc5 f5 28. Rc7 Bd5 29. Rg7+ Kf8 30. Rxh7 Rh1 31. Rh8+ Kf7 32. h7 Kg7 33.
Rg8+ Kxh7 34. Rb8 Rf1 35. Rd8 Rxf2 36. Rd7+ Kh6 37. Rd6 Be4 38. Rxa6 Rxc2+ 39.
Ka3 Bd5 40. Kb4 Rxa2 41. Rxa2 Bxa2 42. Kxb5 g5 43. c4 Bxc4+ 44. Kxc4 g4 45. Kd3
Kh5 46. Ke2 Kh4 47. Kf2 Kh3 48. Kg1 Kg3 49. Kh1 Kh3 50. Kg1 g3 51. Kh1 f4 52.
Kg1 g2 53. Kf2 Kh2 54. Kf3 g1=Q 55. Kxf4 Qe1 56. Kg5 Qf2 57. Kg4 Qf5+ 58. Kh4
Qf8 59. Kg4 Kg2 60. Kh4 Kf3 61. Kg5 Qf5+ 62. Kh6 Qg4 63. Kh7 Kf4 64. Kh6 Kf5
65. Kh7 Kf6 66. Kh6 Qg6# 0-1

[Event "Junior Online 4NCL Division 5"]
[Site "online"]
[Date "2021.02.04"]
[Round "2.12"]
[White "Rybak, Teo"]
[Black "Bhatia, Jai"]
[Result "1-0"]
[WhiteElo "1780"]
[BlackElo "1584"]
[PlyCount "91"]
[EventDate "2021.02.04"]
[WhiteTeam "Berkshire Bishops"]
[BlackTeam "Chess Challengers B"]

1. e4 e5 2. Nf3 Nc6 3. Bc4 h6 4. O-O Nf6 5. Re1 Bd6 6. d4 a6 7. c3 b5 8. Bb3
Be7 9. dxe5 Nh7 10. Qd5 O-O 11. Bf4 Bb7 12. Qd3 Re8 13. Nbd2 b4 14. cxb4 Nxb4
15. Qc4 Rf8 16. a3 d5 17. Qe2 Nc6 18. Bxd5 Rb8 19. Red1 Qe8 20. Rac1 Qc8 21.
Bxc6 Bxc6 22. Rxc6 Qb7 23. Qxa6 Qxa6 24. Rxa6 Rxb2 25. Nc4 Rbb8 26. Rd7 Rfe8
27. Rxc7 Rbc8 28. Raa7 Red8 29. Nfd2 Re8 30. Rxc8 Rxc8 31. Rxe7 g5 32. Be3 Kf8
33. Ra7 Rd8 34. Nd6 Kg8 35. Rc7 Kg7 36. Rxf7+ Kh8 37. Re7 Nf8 38. Re8 Rxe8 39.
Nxe8 Kg8 40. a4 Kf7 41. Nd6+ Ke7 42. a5 Kd7 43. a6 Kc7 44. a7 Kd7 45. a8=Q Kc7
46. Qc8# 1-0

[Event "Junior Online 4NCL Division 5"]
[Site "online"]
[Date "2021.02.04"]
[Round "2.13"]
[White "Sharavana, Harshith"]
[Black "Khoury, Theo"]
[Result "0-1"]
[WhiteElo "1491"]
[BlackElo "1645"]
[PlyCount "102"]
[EventDate "2021.02.04"]
[WhiteTeam "Chess Challengers B"]
[BlackTeam "Berkshire Bishops"]

1. e4 c5 2. Nf3 d6 3. c3 Nf6 4. d3 g6 5. Nbd2 Bg7 6. d4 O-O 7. e5 dxe5 8. dxe5
Nd5 9. Bc4 Nc6 10. Ne4 e6 11. Nxc5 Nxe5 12. Bxd5 exd5 13. O-O b6 14. Nd3 Ng4
15. Ng5 h6 16. Nf3 Bf5 17. Nb4 Be6 18. Nc6 Qc7 19. Nb4 Rad8 20. h3 Nf6 21. Nd3
Ne4 22. Bf4 Qb7 23. Nde5 Bf5 24. g4 Be6 25. Rc1 Kh7 26. b3 f5 27. g5 hxg5 28.
Bxg5 Bf6 29. Bxf6 Rxf6 30. c4 Qg7 31. cxd5 Bxd5 32. Re1 Rfd6 33. Qc2 Re8 34.
Nc4 Rd7 35. Ne3 Bb7 36. Nc4 Qh6 37. Nce5 Rg7 38. h4 Qf4 39. Qb2 Nf6 40. Re3
Bxf3 41. Nxf3 Rxe3 42. fxe3 Qxf3 43. Qxf6 Qxe3+ 44. Kh2 Qxc1 45. h5 Qh6 46. Kg3
gxh5+ 47. Kf3 Qxf6 48. Kf4 h4 49. Kf3 Qd4 50. Ke2 Rg2+ 51. Kf3 Qe4# 0-1

[Event "Junior Online 4NCL Division 5"]
[Site "online"]
[Date "2021.02.04"]
[Round "2.14"]
[White "Ramesh, Eshitha"]
[Black "Mali, Harshal"]
[Result "0-1"]
[WhiteElo "1285"]
[BlackElo "1480"]
[PlyCount "62"]
[EventDate "2021.02.04"]
[WhiteTeam "Berkshire Bishops"]
[BlackTeam "Chess Challengers B"]

1. e4 e5 2. Nf3 Nc6 3. d4 exd4 4. Nxd4 Nf6 5. Nxc6 bxc6 6. Nc3 Bb4 7. Bd2 O-O
8. a3 Bxc3 9. Bxc3 Nxe4 10. Bd3 Nxc3 11. bxc3 Re8+ 12. Be2 Ba6 13. O-O Bxe2 14.
Qd2 Bxf1 15. Rxf1 Qe7 16. h3 Qxa3 17. Qxd7 a5 18. Qxc6 a4 19. Qc4 Qb2 20. Qd3
a3 21. Qd1 a2 22. Qa1 Reb8 23. Kh2 Qxa1 24. Rxa1 Rb1 25. Rxb1 axb1=Q 26. Kg3
Qe1 27. Kf3 Re8 28. Kg3 Re3+ 29. Kf4 Qxf2+ 30. Kg4 Re4+ 31. Kg5 Qc5# 0-1

[Event "Junior Online 4NCL Division 5"]
[Site "online"]
[Date "2021.02.04"]
[Round "2.15"]
[White "Kumar, Soham"]
[Black "Srinivasan, Raghav"]
[Result "1-0"]
[WhiteElo "1811"]
[BlackElo "1545"]
[PlyCount "101"]
[EventDate "2021.02.04"]
[WhiteTeam "Berkshire Bishops"]
[BlackTeam "Chess Challengers B"]

1. e4 e5 2. Nf3 Nc6 3. Bb5 d6 4. d4 exd4 5. Nxd4 Bd7 6. O-O a6 7. Nxc6 Bxc6 8.
Bxc6+ bxc6 9. Nc3 Nf6 10. Re1 Be7 11. Bg5 O-O 12. Qd3 h6 13. Be3 Re8 14. Rad1
d5 15. exd5 cxd5 16. Nxd5 Nxd5 17. Qxd5 Qxd5 18. Rxd5 Bg5 19. g3 Bxe3 20. Rxe3
Rxe3 21. fxe3 Re8 22. Kf2 Kh7 23. Rd7 Rb8 24. b3 Rc8 25. Rxf7 c5 26. Ra7 Rc6
27. Kf3 c4 28. b4 Rf6+ 29. Ke2 Rc6 30. c3 Kg6 31. a4 Kg5 32. Rxg7+ Kf6 33. Rh7
Kg6 34. Ra7 Kg5 35. b5 axb5 36. Ra5 Rb6 37. Rxb5+ Rxb5 38. axb5 Kf6 39. b6 Ke6
40. b7 Kd7 41. b8=Q Kc6 42. Qh8 Kb5 43. Qd4 h5 44. e4 h4 45. e5 hxg3 46. hxg3
Ka4 47. e6 Kb3 48. e7 Kb2 49. e8=Q Kb3 50. Qb8+ Kc2 51. Qd2# 1-0

[Event "Junior Online 4NCL Division 5"]
[Site "online"]
[Date "2021.02.04"]
[Round "2.16"]
[White "Bhatia, Jai"]
[Black "Rybak, Teo"]
[Result "0-1"]
[WhiteElo "1584"]
[BlackElo "1780"]
[PlyCount "142"]
[EventDate "2021.02.04"]
[WhiteTeam "Chess Challengers B"]
[BlackTeam "Berkshire Bishops"]

1. e4 e6 2. Nf3 d5 3. Nc3 Nf6 4. d3 dxe4 5. dxe4 Qxd1+ 6. Nxd1 Nxe4 7. Bd3 Nf6
8. O-O Nc6 9. Be3 Nb4 10. Nc3 Nxd3 11. cxd3 Bd6 12. Nb5 O-O 13. Rfc1 Nd5 14.
Bc5 Bxc5 15. Rxc5 c6 16. Na3 Nf4 17. Rc2 Nxd3 18. Rd2 Nf4 19. Rad1 Nd5 20. Nc2
f6 21. Rd4 e5 22. R4d2 Be6 23. h3 Rfd8 24. Na3 Rd7 25. b3 Rad8 26. Nc4 Kf7 27.
Ncxe5+ fxe5 28. Nxe5+ Ke7 29. Nxd7 Rxd7 30. Re1 Nc3 31. Rc2 Nd5 32. Rce2 Nc7
33. f3 Rd3 34. f4 Kf6 35. g4 Rd7 36. g5+ Kf7 37. Rf1 Bxh3 38. Rfe1 Bf5 39. Rh2
Ne6 40. Rf2 Nc5 41. Rg2 Rd4 42. Rge2 Ne6 43. Re5 g6 44. Ra5 a6 45. Rae5 Rxf4
46. R5e2 Rg4+ 47. Rg2 Rxg2+ 48. Kxg2 Nf4+ 49. Kf2 Nd3+ 50. Ke2 Nxe1 51. Kxe1
Bb1 52. Kd2 Bxa2 53. Kc3 b6 54. Kb2 Bxb3 55. Kxb3 Ke6 56. Kc3 Kf5 57. Kd4 Kxg5
58. Ke5 h5 59. Kd6 h4 60. Kxc6 h3 61. Kxb6 h2 62. Kxa6 h1=Q 63. Kb6 Qd5 64. Kc7
Qe6 65. Kb7 Qd6 66. Kc8 Qe7 67. Kb8 Kf5 68. Kc8 Ke5 69. Kb8 Kd6 70. Ka8 Kc6 71.
Kb8 Qb7# 0-1

[Event "Junior Online 4NCL Division 5"]
[Site "online"]
[Date "2021.02.04"]
[Round "2.17"]
[White "Khoury, Theo"]
[Black "Sharavana, Harshith"]
[Result "1-0"]
[WhiteElo "1645"]
[BlackElo "1491"]
[PlyCount "45"]
[EventDate "2021.02.04"]
[WhiteTeam "Berkshire Bishops"]
[BlackTeam "Chess Challengers B"]

1. e4 e5 2. Nf3 Nc6 3. d4 exd4 4. Nxd4 d5 5. Nxc6 bxc6 6. Nc3 Nf6 7. e5 Ng4 8.
Bf4 Bc5 9. Bg3 O-O 10. h3 Nh6 11. Bd3 d4 12. Ne4 Bb4+ 13. c3 dxc3 14. bxc3 Ba5
15. O-O Nf5 16. Bf4 Bb7 17. Nc5 Bc8 18. Qc2 g6 19. Ne4 Bb7 20. Nf6+ Kg7 21.
Bxf5 gxf5 22. Qxf5 Kh8 23. Qxh7# 1-0

[Event "Junior Online 4NCL Division 5"]
[Site "online"]
[Date "2021.02.04"]
[Round "2.18"]
[White "Mali, Harshal"]
[Black "Ramesh, Eshitha"]
[Result "1-0"]
[WhiteElo "1480"]
[BlackElo "1285"]
[PlyCount "71"]
[EventDate "2021.02.04"]
[WhiteTeam "Chess Challengers B"]
[BlackTeam "Berkshire Bishops"]

1. e4 c5 2. Nf3 d6 3. d4 cxd4 4. Nxd4 e5 5. Bb5+ Bd7 6. Bxd7+ Qxd7 7. Ne2 Nc6
8. Nbc3 Nf6 9. Bg5 Be7 10. Bxf6 Bxf6 11. Nd5 Qd8 12. Qd3 O-O 13. O-O-O Re8 14.
Kb1 Re6 15. g3 Be7 16. h4 a6 17. f3 b5 18. f4 Bf8 19. f5 Re8 20. Rhf1 Ne7 21.
Ne3 Nc6 22. g4 Nb4 23. Qd2 Qa5 24. Nc3 Rac8 25. f6 Rc7 26. a3 Nc6 27. fxg7 Be7
28. Qf2 Bd8 29. Rxd6 b4 30. Ncd5 Rb7 31. Nf5 bxa3 32. Nf6+ Bxf6 33. Nh6+ Kxg7
34. Qxf6+ Kf8 35. Qh8+ Ke7 36. Nf5# 1-0

[Event "Junior Online 4NCL Division 5"]
[Site "online"]
[Date "2021.02.04"]
[Round "2.21"]
[White "Sanger, Jake M"]
[Black "McAndrew, Max"]
[Result "1-0"]
[WhiteElo "2343"]
[BlackElo "1113"]
[PlyCount "37"]
[EventDate "2021.02.04"]
[WhiteTeam "Lenzie Basilisks"]
[BlackTeam "Ojays G"]

1. d4 Nf6 2. Nf3 e6 3. Bf4 Nc6 4. e3 a6 5. c4 Bb4+ 6. Nbd2 Qe7 7. Bd3 d6 8. O-O
e5 9. Bg5 h6 10. Bxf6 Qxf6 11. Ne4 Qe7 12. d5 Na5 13. Qa4+ c6 14. Qxb4 cxd5 15.
cxd5 Qc7 16. Rac1 Qd8 17. Nxd6+ Kd7 18. Nxe5+ Ke7 19. Ndxf7+ 1-0

[Event "Junior Online 4NCL Division 5"]
[Site "online"]
[Date "2021.02.04"]
[Round "2.22"]
[White "Genc, Guven"]
[Black "Moroz, Michael"]
[Result "0-1"]
[WhiteElo "1167"]
[BlackElo "1330"]
[PlyCount "54"]
[EventDate "2021.02.04"]
[WhiteTeam "Ojays G"]
[BlackTeam "Lenzie Basilisks"]

1. e4 e5 2. Nf3 Nc6 3. Bb5 a6 4. Ba4 b5 5. Bb3 Bc5 6. c3 d6 7. d4 exd4 8. cxd4
Bb4+ 9. Bd2 Bxd2+ 10. Nbxd2 Bg4 11. Qc2 Nge7 12. Bd5 Bd7 13. O-O O-O 14. Rfe1
Rc8 15. Rac1 Nb4 16. Qb3 Nbxd5 17. exd5 Re8 18. Nb1 Bg4 19. Na3 Ng6 20. Nc2 Qf6
21. Nb4 Bxf3 22. Qxf3 Qxd4 23. Nd3 Ne5 24. Nxe5 Rxe5 25. Rxe5 Qxe5 26. Qa3 Qxd5
27. Qxa6 Ra8 0-1

[Event "Junior Online 4NCL Division 5"]
[Site "online"]
[Date "2021.02.04"]
[Round "2.23"]
[White "Kitaev, Daniel"]
[Black "Gascoyne, Thomas"]
[Result "1-0"]
[WhiteElo "1405"]
[BlackElo "1160"]
[PlyCount "69"]
[EventDate "2021.02.04"]
[WhiteTeam "Lenzie Basilisks"]
[BlackTeam "Ojays G"]

1. e4 e5 2. Nf3 Nc6 3. Bc4 Bc5 4. d3 h6 5. Be3 Bb4+ 6. c3 Ba5 7. Nbd2 Bb6 8.
O-O d6 9. d4 exd4 10. cxd4 Na5 11. Bb3 Nxb3 12. Nxb3 Nf6 13. Qd3 d5 14. exd5
Nxd5 15. Bd2 O-O 16. a4 c6 17. Ne5 Bc7 18. Rfe1 Re8 19. Qf3 Bxe5 20. Rxe5 Rxe5
21. dxe5 f6 22. Qg3 Bf5 23. Bxh6 Qe7 24. exf6 Qxf6 25. Bg5 Qxb2 26. Re1 Nc3 27.
Nd2 Nxa4 28. Qf4 Rf8 29. Qxa4 Bc2 30. Qxa7 Qc3 31. Qxb7 Qc5 32. Be3 Qc3 33. h3
Be4 34. Qb3+ Qxb3 35. Nxb3 1-0